| 000 | 00552nam a2200193Ia 4500 | ||
|---|---|---|---|
| 005 | 20250326141918.0 | ||
| 008 | 250326s9999 xx 000 0 und d | ||
| 020 | _a81-85617-16-3 | ||
| 037 | _aTextbook | ||
| 040 |
_aFMSL _beng _cFMSL |
||
| 041 |
_aeng _2eng |
||
| 084 |
_aX:74 N2 _qFMSL |
||
| 100 |
_aMckeran D _9745271 |
||
| 245 | 0 |
_aPlanning for growth : The key to Business development _cMckeran D |
|
| 260 |
_aNew Delhi _bNew Delhi, Viva Books P Ltd _c1992 |
||
| 300 | _a150p | ||
| 942 |
_cTB _hX:74 N2 |
||
| 999 |
_c1292572 _d1292572 |
||